000 00798nam a2200217 4500
003 CO-ViMGA
020 _a9789588969114
040 _aCO-ViMGA
_bspa
_cCO-ViMGA
090 _aC ANT17
100 1 _aAntony, Steve
_98036
245 1 0 _aLagartos verdes contra rectángulos rojos /
_cSteve Antony ; traducción Marcela Fuentealba
260 _aBogotá :
_bRey Naranjo
300 _a[32] páginas sin numerar :
_bilustraciones en color ; 27 cm
490 _aPlan Nacional de Lectura y Escritura Leer es mi Cuento / Ministerio de Cultura
500 _aDe 6 A 8 Años
650 1 4 _aCuentos Infantiles Ingleses - Siglo Xx
_98037
650 1 4 _aLibros Ilustrados Para Niños
_987
650 1 4 _aLiteratura Infantil Inglesa - Siglo Xx
_98038
700 1 _aFuentealba, Marcela,
_etr.
_98039
942 _2ddc
_cBK
999 _c7734
_d7734